Dendara le temple d'Isis

محفوظ في:

المؤلف الرئيسي: Sylvie Cauville

مؤلفون آخرون: Alain Lecler

التنسيق: كتاب

اللغة: Undetermined

منشور في: Le Caire Institut français d'archéologie orientale 2007

سلاسل: Dendara; Publications de l'Institut Français d'Archéologie Orientale, 968.

الموضوعات:

الوسوم: إضافة وسم

لا توجد وسوم, كن أول من يضع وسما على هذه التسجيلة!

رقم الطلب: (F) DT73 .D4 C39 V.1-2

LEADER 01448nam a2200229Ia 4500
008 220904s9999||||xx |||||||||||||| ||und||
020 |a 9782724704617 
050 |a (F) DT73 .D4 C39 V.1-2 
100 1 |a  Sylvie Cauville 
245 1 0 |a Dendara  |b le temple d'Isis  |c Sylvie Cauville, Alain Lecler 
264 1 |a Le Caire  |b  Institut français d'archéologie orientale  |c 2007 
300 |a  2 vol. (XXVIII-369 p., 286 p. de pl.)   |b  ill. en noir et en coul., plans, couv. ill.  |c 34cm 
490 0 |a  Dendara; Publications de l'Institut Français d'Archéologie Orientale, 968. 
500 |a VOL.1 TEXTE VOL.2 PLANCHES 
504 |a  Table des matières. Documents en caractères hiéroglyphiques. Introduction en français. Le CD-ROM contient les 286 planches au format PDF, en 10 fichiers distincts, ainsi qu'un lien vers le site internet d'Adobe, permettant de télécharger le logiciel Acrobat Reader. 
505 0 |a  Isis -- (divinité égyptienne) -- Culte -- Égypte -- Dendérah (ville ancienne) 
650 4 |a Peinture et décoration murales -- Égypte -- Dendérah (ville ancienne) -- 1er millénaire av. J.-C.  
700 1 |a Alain Lecler 
942 |2 lcc  |c BK 
952 |0 0  |1 0  |2 lcc  |3 V.1  |4 0  |7 1  |9 42685  |a ARCE  |b ARCE  |d 2022-09-04  |l 0  |o (F) DT73 .D4 C39 V.1-2  |p 1023981  |r 2022-09-04 00:00:00  |w 2022-09-04  |y BK 
952 |0 0  |1 0  |2 lcc  |3 V.2  |4 0  |7 1  |9 61634  |a ARCE  |b ARCE  |d 2024-02-11  |l 0  |o (F) DT73 .D4 C39 V.1-2  |p 1023982  |r 2024-02-11 00:00:00  |w 2024-02-11  |y BK 
999 |c 49358  |d 49358